00548nam a22001937a 450000500170000001000280001702000260004503500170007103500130008803700190010108200100012024500750013026000380020527000330024330000300027650000120030670000170031870000190033520190816122606.0 a1819CHEN B-719322-342 c499.00a9780241316191 aB-719322-342 aB-728609 bBlueberryadpl a507.8 aLet's make great projects /cedited by Sally Beets [and] James Mitchem bDorling Kindersley aLondonc2018 bLondona80 Strand eWC2R 0RL a79p.:c26cm(Hb)bcol.ill. aAirport aBeets, Sally aMitchem,James